Die Ergebnisse der Durchforschung der historischen Bibliotheksbestände in der Slowakei

Podrobná bibliografia
Hlavný autor: Domová, Miroslava, 1947-2026 (Autor)
Médium: Článok
Jazyk:nemčina
ISBN:3880530726
Predmet:

MARC

LEADER 00000naa a2200000uu 4500
001 vtls010958785
003 SK-MaSNL
005 20260426023556.0
008 210910|1998 xo |||||||||||||||||ger|
015 |a SNBRA 
035 |a (urnnbn)urn:nbn:sk:snk:ar-a0bq0p 
035 |a (uuid)19b34779-593d-47c4-a21f-502f8ab09d83 
035 |a urn:nbn:sk:snk-aauhqd 
040 |a SNKBUCL  |b slo  |c SNKBUCL  |e AACR2 
041 0 |a ger 
044 |a xo  |c SK 
100 1 |a Domová, Miroslava,  |d 1947-2026  |4 aut  |9 220852 
245 1 4 |a Die Ergebnisse der Durchforschung der historischen Bibliotheksbestände in der Slowakei  |c Miroslava Domová 
650 0 7 |a historické knižné fondy  |2 SNKPH  |9 71548 
651 7 |a Slovensko  |2 SNKPH  |9 14231 
773 0 |t 27. ABDOS-Tagung  |d Berlin : Staatsbibliothek zu Berlin - Preussischer Kulturbesitz, 1998  |g S. 65-67  |z 3880530726 
958 |a OND 
958 |a article11 
958 |a chapter 
999 |c 1346284  |d 1348214